| 000 | 00455nam a22001697a 4500 | ||
|---|---|---|---|
| 003 | NUST - PNEC | ||
| 005 | 20170116181034.0 | ||
| 008 | 150919b xxu||||| |||| 00| 0 eng d | ||
| 020 | _a0419153802 | ||
| 040 | _cLIBRARY | ||
| 082 | _a697.93 CHA | ||
| 100 |
_911258 _aChadderton, David V. |
||
| 245 |
_aAir conditioning : A practical introduction _cDavid V. Chadderton |
||
| 260 | _cc.1993 | ||
| 650 |
_911260 _aAir conditioning _xEE |
||
| 942 |
_2ddc _cBK |
||
| 999 |
_c67844 _d67844 |
||